Cyber observatory for android smartphones (Record no. 4654)
[ view plain ]
| 000 -LEADER | |
|---|---|
| fixed length control field | 00553nam a22001817a 4500 |
| 003 - CONTROL NUMBER IDENTIFIER | |
| control field | OSt |
| 005 - DATE AND TIME OF LATEST TRANSACTION | |
| control field | 20220107122759.0 |
| 008 - FIXED-LENGTH DATA ELEMENTS--GENERAL INFORMATION | |
| fixed length control field | 150417b xxu||||| |||| 00| 0 eng d |
| 040 ## - CATALOGING SOURCE | |
| Transcribing agency | |
| 100 ## - MAIN ENTRY--PERSONAL NAME | |
| Personal name | Atul S V (93613008) |
| 9 (RLIN) | 6657 |
| 245 ## - TITLE STATEMENT | |
| Title | Cyber observatory for android smartphones |
| 500 ## - GENERAL NOTE | |
| General note | Mini Project Report, MSc. CSIS, Third Semester |
| 502 ## - DISSERTATION NOTE | |
| Degree type | MSc. Computer Science and Information Security |
| Name of granting institution | 2013 - 2015 |
| Year degree granted | INT |
| -- | Tony Thomas |
| 650 ## - SUBJECT ADDED ENTRY--TOPICAL TERM | |
| Topical term or geographic name entry element | CYBER OBSERVATORY |
| 9 (RLIN) | 6658 |
| 650 ## - SUBJECT ADDED ENTRY--TOPICAL TERM | |
| Topical term or geographic name entry element | ANDROID |
| 9 (RLIN) | 6659 |
| 650 ## - SUBJECT ADDED ENTRY--TOPICAL TERM | |
| Topical term or geographic name entry element | CROWDROID |
| 9 (RLIN) | 6660 |
| 942 ## - ADDED ENTRY ELEMENTS (KOHA) | |
| Source of classification or shelving scheme | Dewey Decimal Classification |
| Koha item type | |
| Withdrawn status | Lost status | Source of classification or shelving scheme | Damaged status | Not for loan | Home library | Current library | Date acquired | Total Checkouts | Barcode | Date last seen | Price effective from | Koha item type |
|---|---|---|---|---|---|---|---|---|---|---|---|---|
| Dewey Decimal Classification | IIITM-K | Kerala University of Digital Sciences, Innovation and Technology Knowledge Centre | 17/04/2015 | R-584 | 17/04/2015 | 17/04/2015 | Project Reports |